| 000 | 00422nam a22001697a 4500 | ||
|---|---|---|---|
| 005 | 20200518143214.0 | ||
| 008 | 200518b xxu||||| |||| 00| 0 eng d | ||
| 041 | _aeng | ||
| 082 | _a174.95 | ||
| 100 |
_aMittal Dr. Chanchal _95530 |
||
| 245 | _aHuman Values and Professional Ethics | ||
| 250 | _a1'st | ||
| 260 |
_aModinagar (UP) _bUnnati Publication _c2020 |
||
| 300 | _a6.11 | ||
| 650 |
_aPharmacy _95540 |
||
| 942 | _cBK | ||
| 999 |
_c6289 _d6287 |
||